[Event "WJCC U20 Girls 2019"]
[Site "New Delhi"]
[Date "2019.10.23"]
[Round "9.31"]
[White "Gomez Barrera, Javiera Belen"]
[Black "Savitha Shri B"]
[Result "1/2-1/2"]
[WhiteElo "2033"]
[BlackElo "1916"]
[Annotator "NA"]
[PlyCount "143"]
[EventDate "2019.10.15"]
[EventType "swiss"]
[EventCountry "IND"]
[SourceTitle "playchess.com"]
[Source "ChessBase"]
[SourceQuality "1"]
[TimeControl "40/5400+30:1800+30"]

1. e4 {[%emt 0:00:00]} c5 {[%emt 0:00:00]} 2. Nf3 {[%emt 0:00:00]} d6 {[%emt 0:00:00]} 3. d4 {[%emt 0:00:11]} cxd4 {[%emt 0:00:00]} 4. Nxd4 {[%emt 0:00:05]} Nf6 {[%emt 0:00:04]} 5. Nc3 {[%emt 0:00:07]} a6 {[%emt 0:00:04]} 6. Be3 {[%emt 0:01:29]} e6 {[%emt 0:00:15]} 7. f3 {[%emt 0:00:34]} Be7 {[%emt 0:00:13]} 8. Qd2 {[%emt 0:00:16]} Qc7 {[%emt 0:02:03]} 9. g4 {[%emt 0:01:24]} Nfd7 {[%emt 0:02:49]} 10. O-O-O {[%emt 0:02:12]} Ne5 {[%emt 0:00:28]} (10... b5 $142) 11. g5 {[%emt 0:11:30]} b5 {[%emt 0:10:07]} 12. h4 $14 {[%emt 0:16:52]} (12. f4 $18) 12... Bd7 {[%emt 0:05:50]} 13. a3 {[%emt 0:23:58]} Nc4 {[%emt 0:02:29]} 14. Bxc4 {[%emt 0:00:18]} bxc4 {[%emt 0:00:09]} 15. h5 {[%emt 0:11:46]} Nc6 {[%emt 0:03:19]} 16. Nxc6 {[%emt 0:02:48]} Qxc6 {[%emt 0:14:07]} 17. g6 {[%emt 0:05:10]} fxg6 {[%emt 0:06:16]} 18. hxg6 {[%emt 0:00:16]} h6 {[%emt 0:00:10]} 19. Ne2 {[%emt 0:09:00]} Rb8 {[%emt 0:08:37]} 20. Qc3 {[%emt 0:00:14]} Rg8 {[%emt 0:02:14]} 21. Bd4 {[%emt 0:05:36]} e5 {[%emt 0:04:58]} 22. Be3 {[%emt 0:00:09]} Rb5 {[%emt 0:00:07]} 23. Rhg1 {[%emt 0:06:01]} Kd8 {[%emt 0:01:13]} 24. Ng3 {[%emt 0:01:26]} Kc8 {[%emt 0:08:41]} 25. Nf5 {[%emt 0:00:15]} Bxf5 {[%emt 0:00:11]} 26. exf5 {[%emt 0:00:02]} d5 {[%emt 0:02:00]} 27. Qxe5 {[%emt 0:01:17]} Bf6 {[%emt 0:00:09]} 28. Qe6+ {[%emt 0:00:32]} Qxe6 {[%emt 0:00:02]} 29. fxe6 {[%emt 0:00:02]} Bxb2+ {[%emt 0:00:02]} 30. Kd2 {[%emt 0:00:17]} d4 {[%emt 0:02:53]} 31. Bf2 {[%emt 0:01:11]} Re8 {[%emt 0:00:08]} 32. a4 {[%emt 0:00:28]} Rf5 {[%emt 0:00:14]} 33. Rg4 {[%emt 0:00:31]} c3+ {[%emt 0:10:19]} 34. Ke2 {[%emt 0:00:26]} Rxe6+ {[%emt 0:00:06]} 35. Kf1 {[%emt 0:00:34]} Rxf3 {[%emt 0:01:59]} 36. Rdxd4 {[%emt 0:00:02]} Ref6 {[%emt 0:02:40]} 37. Rc4+ {[%emt 0:00:12]} Kb8 {[%emt 0:00:10]} 38. Rg2 {[%emt 0:01:15]} Re6 {[%emt 0:10:36]} 39. Kg1 {[%emt 0:00:29]} Bc1 {[%emt 0:01:08]} 40. Rb4+ {[%emt 0:00:32]} Ka8 {[%emt 0:02:03]} 41. Rd4 {[%emt 0:05:58]} Bg5 {[%emt 0:05:48]} 42. Rd7 {[%emt 0:05:32]} Rxg6 {[%emt 0:05:52]} 43. Bd4 {[%emt 0:02:13]} Re6 {[%emt 0:01:27]} 44. Rf2 {[%emt 0:03:01]} Rxf2 {[%emt 0:01:22]} 45. Kxf2 {[%emt 0:00:11]} Bf6 {[%emt 0:00:43]} 46. Bxf6 {[%emt 0:01:18]} Rxf6+ {[%emt 0:00:40]} 47. Kg3 {[%emt 0:01:19]} Rg6+ {[%emt 0:00:42]} 48. Kf3 {[%emt 0:00:11]} Kb8 {[%emt 0:00:27]} 49. Rd3 {[%emt 0:00:58]} Rc6 {[%emt 0:00:07]} 50. Rd7 {[%emt 0:00:18]} Rc7 {[%emt 0:00:19]} 51. Rd6 {[%emt 0:00:03]} Kb7 {[%emt 0:00:04]} 52. Rg6 {[%emt 0:00:05]} Re7 {[%emt 0:00:47]} 53. a5 {[%emt 0:00:26]} Rd7 {[%emt 0:09:55]} 54. Rb6+ {[%emt 0:01:06]} Ka7 {[%emt 0:05:47]} 55. Rc6 {[%emt 0:00:02]} Rd5 {[%emt 0:01:24]} 56. Rc7+ {[%emt 0:02:11]} Kb8 {[%emt 0:00:02]} 57. Rxg7 Rxa5 {[%emt 0:01:46]} 58. Rg6 {[%emt 0:00:35]} Kb7 {[%emt 0:01:40]} 59. Rxh6 {[%emt 0:00:19]} Rd5 {[%emt 0:00:48]} 60. Ke4 {[%emt 0:00:51]} Rd2 {[%emt 0:00:28]} 61. Rh3 {[%emt 0:01:04]} Rxc2 {[%emt 0:00:02]} 62. Kd4 {[%emt 0:00:14]} Kb6 {[%emt 0:00:15]} 63. Rxc3 {[%emt 0:00:09]} Rh2 {[%emt 0:01:35]} 64. Kc4 {[%emt 0:00:27]} a5 {[%emt 0:00:19]} 65. Kb3 {[%emt 0:00:35]} Kb5 {[%emt 0:00:04]} 66. Rg3 {[%emt 0:00:33]} Rh5 {[%emt 0:00:10]} 67. Rf3 {[%emt 0:00:17]} Re5 {[%emt 0:01:09]} 68. Rg3 {[%emt 0:00:13]} a4+ {[%emt 0:00:13]} 69. Ka3 {[%emt 0:00:19]} Rf5 {[%emt 0:00:04]} 70. Rh3 {[%emt 0:00:27]} Rf1 {[%emt 0:00:52]} 71. Rh5+ {[%emt 0:00:19]} Kc4 {[%emt 0:00:03]} 72. Rh4+ {[%emt 0:00:19]} 1/2-1/2

[Event "WJCC U20 Girls 2019"]
[Site "New Delhi"]
[Date "2019.10.23"]
[Round "9.32"]
[White "Jain Nityata"]
[Black "Fretel, Liza"]
[Result "0-1"]
[WhiteElo "2029"]
[BlackElo "1877"]
[Annotator "NA"]
[PlyCount "84"]
[EventDate "2019.10.15"]
[EventType "swiss"]
[EventCountry "IND"]
[SourceTitle "playchess.com"]
[Source "ChessBase"]
[SourceQuality "1"]
[TimeControl "40/5400+30:1800+30"]

1. e4 c5 2. Nf3 Nc6 3. Bb5 Nf6 4. Bxc6 dxc6 5. d3 Bg4 6. h3 Bh5 7. Nc3 Nd7 8. g4 Bg6 9. Bf4 e6 10. Qe2 h5 11. O-O-O Be7 12. Kb1 a5 13. d4 cxd4 14. Rxd4 Qb6 15. Rhd1 Nc5 16. Ne5 Bf6 17. Nc4 Qa6 18. Nd6+ Kf8 19. Qxa6 Nxa6 20. e5 Be7 21. a3 b5 22. Nce4 hxg4 23. hxg4 Rd8 24. Ng5 Nc7 25. Nxb5 Rxd4 26. Nxd4 Nd5 27. Bd2 Rh2 28. Nxc6 Rxf2 29. Nxe7 Kxe7 30. Kc1 Ne3 31. Rh1 Nf1 32. Nh3 Rxd2 33. Rxf1 Rxc2+ 34. Kd1 Rxb2 35. Nf4 Be4 36. Re1 Bf3+ 37. Kc1 Rb3 38. Rg1 Rxa3 39. Rg3 Rb3 40. Nh5 a4 41. Nxg7 a3 42. Rg1 Be4 0-1

[Event "WJCC U20 Girls 2019"]
[Site "New Delhi"]
[Date "2019.10.23"]
[Round "9.33"]
[White "Bakshi, Rutuja"]
[Black "Figueroa Bernal, Julia Dennis"]
[Result "1-0"]
[WhiteElo "2029"]
[BlackElo "1777"]
[Annotator "NA"]
[PlyCount "69"]
[EventDate "2019.10.15"]
[EventType "swiss"]
[EventCountry "IND"]
[SourceTitle "playchess.com"]
[Source "ChessBase"]
[SourceQuality "1"]
[TimeControl "40/5400+30:1800+30"]

1. d4 {[%emt 0:00:00]} Nf6 {[%emt 0:00:00]} 2. Nf3 {[%emt 0:00:00]} g6 {[%emt 0:00:03]} 3. g3 {[%emt 0:00:00]} Bg7 {[%emt 0:00:08]} 4. Bg2 {[%emt 0:00:00]} O-O {[%emt 0:00:08]} 5. c4 {[%emt 0:00:10]} d6 {[%emt 0:00:14]} 6. Nc3 {[%emt 0:00:07]} Nbd7 {[%emt 0:00:11]} 7. O-O {[%emt 0:00:07]} e5 {[%emt 0:00:16]} 8. e4 {[%emt 0:00:05]} exd4 {[%emt 0:01:04]} 9. Nxd4 {[%emt 0:00:05]} Re8 {[%emt 0:00:05]} 10. h3 {[%emt 0:03:00]} a6 {[%emt 0:00:22]} 11. Re1 {[%emt 0:01:11]} Rb8 {[%emt 0:00:09]} 12. Be3 {[%emt 0:03:42]} Ne5 {[%emt 0:02:46]} 13. Qe2 {[%emt 0:12:42]} Bd7 {[%emt 0:01:12]} 14. Rad1 {[%emt 0:02:35]} Qc8 {[%emt 0:02:17]} 15. Kh2 {[%emt 0:02:25]} h5 {[%emt 0:07:44]} 16. Nd5 {[%emt 0:09:27]} b5 {[%emt 0:07:15]} 17. Bg5 {[%emt 0:06:45] [#]} (17. cxb5 $11 axb5 18. b3) 17... Nxd5 $14 {[%emt 0:18:30]} (17... Nh7 $1 $17 {[%cal Rh7g5]} 18. Bf4 (18. Ne7+ Rxe7 19. Bxe7 bxc4 $17) 18... bxc4 19. Bxe5 Bxe5) 18. cxd5 {[%emt 0:01:11]} Kh7 {[%emt 0:08:24]} 19. f4 {[%emt 0:09:54]} f6 {[%emt 0:04:48]} 20. fxe5 {[%emt 0:06:57]} dxe5 {[%emt 0:00:09]} 21. Be3 {[%emt 0:04:03]} exd4 {[%emt 0:00:08]} 22. Bxd4 {[%emt 0:00:07]} Qd8 {[%emt 0:07:20]} 23. Qf2 {[%emt 0:03:58]} Qe7 {[%emt 0:03:14]} 24. Rd3 {[%emt 0:13:23]} Qd6 {[%emt 0:02:21]} 25. Qf4 {[%emt 0:05:13]} Qxf4 {[%emt 0:00:47]} 26. gxf4 {[%emt 0:00:01]} c6 {[%emt 0:01:15]} 27. d6 {[%emt 0:02:29]} f5 {[%emt 0:05:32]} 28. e5 {[%emt 0:01:26]} g5 {[%emt 0:00:46]} 29. fxg5 {[%emt 0:02:52]} c5 {[%emt 0:05:39]} 30. Bxc5 {[%emt 0:00:41]} Bxe5+ {[%emt 0:00:23]} 31. Kh1 {[%emt 0:00:11]} Bxb2 {[%emt 0:01:01]} 32. Re7+ {[%emt 0:00:12]} Rxe7 {[%emt 0:00:21]} 33. dxe7 {[%emt 0:00:04]} Be8 {[%emt 0:00:20]} 34. Rd8 {[%emt 0:00:11]} Be5 {[%emt 0:01:05]} 35. Ba7 {[%emt 0:00:16]} 1-0

[Event "WJCC U20 Girls 2019"]
[Site "New Delhi"]
[Date "2019.10.23"]
[Round "9.34"]
[White "Meghna, C H"]
[Black "Tamarozi, Isabelle"]
[Result "1-0"]
[WhiteElo "1956"]
[BlackElo "2029"]
[Annotator "NA"]
[PlyCount "97"]
[EventDate "2019.10.15"]
[EventType "swiss"]
[EventCountry "IND"]
[SourceTitle "playchess.com"]
[Source "ChessBase"]
[SourceQuality "1"]
[TimeControl "40/5400+30:1800+30"]

1. e4 {[%emt 0:00:00]} c5 {[%emt 0:00:00]} 2. Nf3 {[%emt 0:00:00]} Nc6 {[%emt 0:00:35]} 3. d4 {[%emt 0:00:00]} cxd4 {[%emt 0:00:08]} 4. Nxd4 {[%emt 0:00:00]} g6 {[%emt 0:00:47]} 5. c4 {[%emt 0:00:33]} Nf6 {[%emt 0:00:57]} 6. Nc3 {[%emt 0:00:08]} d6 {[%emt 0:00:41]} 7. Be2 {[%emt 0:00:19]} Nxd4 {[%emt 0:00:34]} 8. Qxd4 {[%emt 0:00:05]} Bg7 {[%emt 0:00:36]} 9. Be3 {[%emt 0:00:17]} O-O {[%emt 0:00:52]} 10. Qd2 {[%emt 0:00:15]} Be6 {[%emt 0:01:56]} 11. O-O {[%emt 0:12:07]} a5 {[%emt 0:02:30] B36: Sicilian: Maroczy Bind: Gurgenidze System} 12. Rad1 {[%emt 0:01:38]} a4 {[%emt 0:03:50]} 13. Bd4 {[%emt 0:00:43]} Qa5 {[%emt 0:02:45]} 14. f4 {[%emt 0:01:48]} Rfc8 {[%emt 0:04:52]} 15. b3 {[#]} Qb4 $146 {[%emt 0:06:08]} ({Predecessor:} 15... axb3 16. axb3 Qb4 17. f5 Bd7 18. Bxf6 Bxf6 {½-½ (48) Almasi,Z (2699)-Papp,G (2597) Ajka 2018}) 16. f5 {[%emt 0:08:48]} Bd7 {[%emt 0:03:26]} 17. Bxf6 {[%emt 0:00:42]} exf6 {[%emt 0:04:09]} 18. Nd5 {[%emt 0:10:19]} Qc5+ {[%emt 0:01:28]} 19. Qd4 {[%emt 0:20:56]} Qxd4+ {[%emt 0:05:58]} 20. Rxd4 {[%emt 0:00:01]} Re8 {[%emt 0:02:07]} 21. Nc7 {[%emt 0:04:58]} Bh6 {[%emt 0:05:13]} 22. Rxd6 {[%emt 0:03:56]} Bc6 {[%emt 0:03:09]} 23. Nxe8 {[%emt 0:08:30]} Rxe8 {[%emt 0:04:00]} 24. Bf3 {[%emt 0:02:11]} Be3+ {[%emt 0:02:54]} 25. Kh1 {[%emt 0:00:01]} Bf4 {[%emt 0:01:42]} 26. Rd3 {[%emt 0:01:41]} Be5 {[%emt 0:03:35]} 27. Rfd1 {[%emt 0:02:22]} Kg7 {[%emt 0:05:29]} 28. Rd8 {[%emt 0:05:30]} Re7 {[%emt 0:00:30]} 29. b4 {[%emt 0:00:16]} b5 {[%emt 0:01:58]} 30. c5 {[%emt 0:04:46]} a3 {[%emt 0:03:37]} 31. R8d3 {[%emt 0:03:22]} Ra7 {[%emt 0:01:47]} 32. Kg1 {[%emt 0:01:28]} Ra4 {[%emt 0:02:03]} 33. Rb3 {[%emt 0:00:13]} h5 {[%emt 0:05:24]} 34. h3 {[%emt 0:03:59]} h4 {[%emt 0:00:25]} 35. fxg6 {[%emt 0:03:25]} fxg6 {[%emt 0:00:21]} 36. Kf2 {[%emt 0:00:35]} Kh6 {[%emt 0:02:15]} 37. Ke3 {[%emt 0:01:04]} Be8 {[%emt 0:03:23]} 38. Rd2 {[%emt 0:01:29]} Bf7 {[%emt 0:00:26]} 39. Rb1 {[%emt 0:00:14]} Bc3 {[%emt 0:10:06]} 40. Rc2 $18 {[%emt 0:00:14]} Rxb4 41. Rxb4 Bxb4 42. c6 Be6 43. c7 Bc8 44. Be2 Bd6 45. Bxb5 Kg5 46. Rc6 Bf4+ 47. Kf3 f5 48. exf5 gxf5 49. Ba6 1-0

[Event "WJCC U20 Girls 2019"]
[Site "New Delhi"]
[Date "2019.10.23"]
[Round "9.35"]
[White "Onur, Cigdem"]
[Black "Eesha Ajay Sarda"]
[Result "0-1"]
[WhiteElo "1913"]
[BlackElo "1744"]
[Annotator "NA"]
[PlyCount "98"]
[EventDate "2019.10.15"]
[EventType "swiss"]
[EventCountry "IND"]
[SourceTitle "playchess.com"]
[Source "ChessBase"]
[SourceQuality "1"]
[TimeControl "40/5400+30:1800+30"]

1. e4 {[%emt 0:00:00]} Nf6 {[%emt 0:00:00]} 2. Nc3 {[%emt 0:00:00]} e5 {[%emt 0:02:08]} 3. Nf3 {[%emt 0:00:00]} Nc6 {[%emt 0:02:45]} 4. Bb5 {[%emt 0:00:03]} Bc5 {[%emt 0:07:08]} 5. d3 {[%emt 0:01:11]} h6 {[%emt 0:01:43]} 6. Be3 {[%emt 0:10:43]} Qe7 {[%emt 0:05:56]} 7. O-O $11 {[%emt 0:11:02]} O-O {[%emt 0:05:59]} 8. Qd2 {[%emt 0:08:14]} a6 {[%emt 0:04:59]} 9. Ba4 {[%emt 0:10:00]} Bxe3 {[%emt 0:10:10]} 10. fxe3 {[%emt 0:04:59]} d6 {[%emt 0:02:56]} 11. Rae1 {[%emt 0:09:37]} Be6 {[%emt 0:04:27]} 12. Qf2 {[%emt 0:02:44]} b5 {[%emt 0:15:16]} 13. Bb3 {[%emt 0:00:10]} Bxb3 {[%emt 0:00:28]} 14. axb3 {[%emt 0:00:10]} Qe6 {[%emt 0:00:15]} 15. Nh4 {[%emt 0:06:08]} b4 {[%emt 0:09:35]} 16. Ne2 {[%emt 0:01:39]} Ne7 {[%emt 0:02:48]} 17. Ng3 {[%emt 0:05:03]} d5 {[%emt 0:01:44]} 18. Nhf5 {[%emt 0:10:13]} Nxf5 {[%emt 0:04:54]} 19. Nxf5 {[%emt 0:03:46]} dxe4 {[%emt 0:03:53]} 20. Qh4 {[%emt 0:09:16]} g6 {[%emt 0:08:09]} 21. dxe4 {[%emt 0:02:06]} Nd7 {[%emt 0:04:24]} 22. Nxh6+ {[%emt 0:00:49]} Kg7 {[%emt 0:00:10]} 23. Ng4 {[%emt 0:02:18]} Rh8 {[%emt 0:00:21]} 24. Qg3 {[%emt 0:00:09]} Rh5 {[%emt 0:00:28]} 25. h3 {[%emt 0:00:25]} Rg5 {[%emt 0:00:57]} 26. Qh4 {[%emt 0:00:54]} Rh5 {[%emt 0:00:20]} 27. Qf2 {[%emt 0:00:19]} f5 {[%emt 0:00:18]} 28. exf5 {[%emt 0:00:29]} gxf5 {[%emt 0:00:12]} 29. Nh2 {[%emt 0:00:37]} Nf6 {[%emt 0:00:35]} 30. Qg3+ {[%emt 0:00:36]} Kf7 {[%emt 0:00:10]} 31. Nf3 {[%emt 0:00:13]} Rg8 {[%emt 0:01:28]} 32. Qxe5 {[%emt 0:00:29]} Qc6 {[%emt 0:00:33]} 33. Rf2 {[%emt 0:01:19]} Ne4 {[%emt 0:00:26]} 34. Qf4 Nxf2 35. Ne5+ Ke6 36. Nxc6 Nxh3+ 37. Kf1 Nxf4 38. exf4+ Kd6 39. Nxb4 Rh1+ 40. Kf2 Rxe1 41. Kxe1 Rxg2 42. Kd1 a5 43. Nd3 Kd5 44. Ne1 Rh2 45. Nd3 Kd4 46. b4 axb4 47. Nxb4 c5 48. Nd3 Ke3 49. b3 Re2 0-1

[Event "WJCC U20 Girls 2019"]
[Site "New Delhi"]
[Date "2019.10.23"]
[Round "9.36"]
[White "Chandreyee, Hajra"]
[Black "Djuric, Anja"]
[Result "1/2-1/2"]
[WhiteElo "2024"]
[BlackElo "1493"]
[Annotator "NA RC"]
[PlyCount "104"]
[EventDate "2019.10.15"]
[EventType "swiss"]
[EventCountry "IND"]
[SourceTitle "playchess.com"]
[Source "ChessBase"]
[SourceQuality "1"]
[TimeControl "40/5400+30:1800+30"]

1. e4 {[%emt 0:00:00]} d6 {[%emt 0:00:27]} 2. d4 {[%emt 0:00:00]} Nf6 {[%emt 0:00:08]} 3. Nc3 {[%emt 0:00:00]} e5 {[%emt 0:00:13]} 4. dxe5 {[%emt 0:00:00]} dxe5 {[%emt 0:00:09]} 5. Qxd8+ {[%emt 0:00:00]} Kxd8 {[%emt 0:00:13]} 6. Bc4 {[%emt 0:01:29]} Ke8 {[%emt 0:00:21]} 7. Nf3 {[%emt 0:03:51]} Bd6 {[%emt 0:00:37]} 8. O-O {[%emt 0:04:53]} h6 {[%emt 0:00:57]} 9. b3 {[%emt 0:01:50]} Be6 {[%emt 0:01:49]} 10. Bxe6 {[%emt 0:03:29]} fxe6 {[%emt 0:00:06]} 11. Nb5 {[%emt 0:02:49]} Nc6 {[%emt 0:01:51]} 12. Nxd6+ {[%emt 0:03:17]} cxd6 {[%emt 0:00:08]} 13. Ba3 {[%emt 0:00:34]} Rd8 {[%emt 0:00:33]} 14. Rfe1 {[%emt 0:01:03]} Nd4 {[%emt 0:02:30]} 15. Nxd4 {[%emt 0:05:20]} exd4 {[%emt 0:00:10]} 16. f3 {[%emt 0:05:43]} Kf7 {[%emt 0:02:44]} 17. Red1 {[%emt 0:01:07]} e5 {[%emt 0:00:59]} 18. c3 {[%emt 0:04:27]} dxc3 {[%emt 0:01:14]} 19. Rd3 {[%emt 0:05:37]} d5 {[%emt 0:07:40]} 20. Rxc3 {[%emt 0:01:43]} dxe4 {[%emt 0:01:00]} 21. fxe4 {[%emt 0:00:39]} Rc8 {[%emt 0:02:24]} 22. Rac1 {[%emt 0:00:45]} Rxc3 {[%emt 0:00:16]} 23. Rxc3 {[%emt 0:00:05]} Rd8 {[%emt 0:06:18]} 24. Rc7+ {[%emt 0:00:06]} Rd7 {[%emt 0:00:14]} 25. Rxd7+ {[%emt 0:00:05]} Nxd7 {[%emt 0:00:07]} 26. Kf2 {[%emt 0:00:06]} h5 {[%emt 0:02:33]} 27. g3 {[%emt 0:00:37]} g6 {[%emt 0:02:29]} 28. h3 {[%emt 0:00:23]} Ke6 {[%emt 0:00:44]} 29. Ke3 {[%emt 0:00:08]} b5 {[%emt 0:01:02]} 30. Bb4 {[%emt 0:00:43]} a6 {[%emt 0:00:54]} 31. Kd3 {[%emt 0:00:57]} Nf6 {[%emt 0:01:39]} 32. Bd2 {[%emt 0:01:04]} Kd6 {[%emt 0:00:58]} 33. Bh6 {[%emt 0:00:36]} Nd7 {[%emt 0:00:53]} 34. Ke3 {[%emt 0:00:55]} Ke6 {[%emt 0:00:25]} 35. Bg5 {[%emt 0:00:21]} Nc5 {[%emt 0:00:35]} 36. Bd8 {[%emt 0:00:29]} Nb7 {[%emt 0:00:28]} 37. Bc7 {[%emt 0:00:26]} Nc5 {[%emt 0:00:24]} 38. g4 {[%emt 0:01:08]} hxg4 {[%emt 0:00:36]} 39. hxg4 {[%emt 0:00:07]} Nd7 {[%emt 0:00:12]} 40. Bd8 {[%emt 0:00:14]} Nc5 {[%emt 0:01:04]} 41. Bc7 {[%emt 0:33:28]} Nd7 {[%emt 0:30:13]} 42. Ba5 {[%emt 0:04:35]} Nc5 {[%emt 0:00:36]} 43. Be1 Nd7 {[%emt 0:00:21]} 44. Bh4 {[%emt 0:00:27]} Nc5 {[%emt 0:00:09]} 45. Bf2 {[%emt 0:00:29]} Nd7 {[%emt 0:01:26]} 46. Kd3 {[%emt 0:00:15]} Kd6 {[%emt 0:01:23]} 47. g5 {[%emt 0:01:26]} Nf8 {[%emt 0:01:17]} 48. Be3 {[%emt 0:01:43]} Ne6 {[%emt 0:00:28]} 49. Kc3 {[%emt 0:01:36]} Kc6 {[%emt 0:01:18]} 50. Kd3 {[%emt 0:00:18]} Kd6 {[%emt 0:00:07]} 51. Kc3 {[%emt 0:00:04]} Kc6 {[%emt 0:00:02]} 52. Kd3 {[%emt 0:00:05]} Kd6 {[%emt 0:00:07]} 1/2-1/2

[Event "WJCC U20 Girls 2019"]
[Site "New Delhi"]
[Date "2019.10.23"]
[Round "9.37"]
[White "Aouachria, Marwa"]
[Black "Punsalan, Vyanla M"]
[Result "0-1"]
[WhiteElo "1839"]
[BlackElo "1964"]
[Annotator "NA"]
[PlyCount "158"]
[EventDate "2019.10.15"]
[EventType "swiss"]
[EventCountry "IND"]
[SourceTitle "playchess.com"]
[Source "ChessBase"]
[SourceQuality "1"]
[TimeControl "40/5400+30:1800+30"]

1. e4 {[%emt 0:04:15]} c5 {[%emt 0:00:00]} 2. Nf3 {[%emt 0:00:18]} g6 {[%emt 0:01:05]} 3. d4 {[%emt 0:00:05]} cxd4 {[%emt 0:00:19]} 4. Qxd4 {[%emt 0:00:49]} Nf6 {[%emt 0:00:24]} 5. e5 {[%emt 0:00:31]} Nc6 {[%emt 0:00:32]} 6. Qc3 {[%emt 0:04:17]} Nd5 {[%emt 0:01:53]} 7. Qb3 {[%emt 0:00:22]} Qc7 {[%emt 0:04:47]} 8. Bc4 {[%emt 0:02:13]} Na5 {[%emt 0:04:57]} 9. Qb5 {[%emt 0:00:03]} Qxc4 {[%emt 0:02:47]} 10. Qxa5 {[%emt 0:00:03]} b6 {[%emt 0:02:19]} 11. Qd2 {[%emt 0:00:54]} Bb7 {[%emt 0:04:53]} 12. Na3 {[%emt 0:00:28]} Qe4+ {[%emt 0:11:25]} 13. Qe2 {[%emt 0:00:13]} Qg4 {[%emt 0:00:45]} 14. O-O {[%emt 0:02:48]} g5 {[%emt 0:12:49]} 15. h3 {[%emt 0:01:25]} Nf4 {[%emt 0:01:22]} 16. hxg4 {[%emt 0:03:35]} Nxe2+ {[%emt 0:00:24]} 17. Kh2 {[%emt 0:00:03]} h5 {[%emt 0:01:49]} 18. Kh3 {[%emt 0:01:38]} Bxf3 {[%emt 0:09:41]} 19. gxf3 {[%emt 0:00:07]} hxg4+ {[%emt 0:03:04]} 20. Kxg4 {[%emt 0:02:42]} Nxc1 {[%emt 0:01:18]} 21. Raxc1 {[%emt 0:00:18]} Rh4+ {[%emt 0:04:23]} 22. Kg3 {[%emt 0:00:39]} Bg7 {[%emt 0:00:48]} 23. Rfe1 {[%emt 0:00:19]} Rc8 {[%emt 0:00:53]} 24. c3 {[%emt 0:00:25]} Rc5 {[%emt 0:00:53]} 25. Rh1 {[%emt 0:01:29]} Bxe5+ {[%emt 0:01:44]} 26. Kg2 {[%emt 0:00:05]} Rxh1 {[%emt 0:02:59]} 27. Rxh1 {[%emt 0:00:03]} d6 {[%emt 0:00:30]} 28. Nb1 {[%emt 0:00:26]} Bf4 {[%emt 0:02:04]} 29. Rh8+ {[%emt 0:00:23]} Kd7 {[%emt 0:00:18]} 30. Ra8 {[%emt 0:00:13]} Rc7 {[%emt 0:00:57]} 31. Na3 {[%emt 0:02:16]} Kc6 {[%emt 0:03:17]} 32. b3 {[%emt 0:02:30]} Bc1 {[%emt 0:02:46]} 33. Nc4 {[%emt 0:00:51]} b5 {[%emt 0:01:29]} 34. Ne3 {[%emt 0:01:45]} Bxe3 {[%emt 0:02:16]} 35. fxe3 {[%emt 0:00:01]} Kd5 {[%emt 0:01:38]} 36. e4+ {[%emt 0:01:15]} Ke5 {[%emt 0:00:55]} 37. Kg3 {[%emt 0:00:58]} f6 {[%emt 0:02:03]} 38. Rb8 {[%emt 0:01:58]} a6 {[%emt 0:02:08]} 39. Rb6 {[%emt 0:04:11]} Ra7 {[%emt 0:01:24]} 40. Kg4 {[%emt 0:02:23]} e6 {[%emt 0:02:04]} 41. a4 {[%emt 0:31:34]} bxa4 {[%emt 0:30:42]} 42. bxa4 {[%emt 0:00:02]} d5 {[%emt 0:01:45]} 43. exd5 {[%emt 0:00:32]} exd5 {[%emt 0:00:30]} 44. Rc6 {[%emt 0:01:06]} a5 {[%emt 0:00:42]} 45. Rc5 {[%emt 0:01:31]} Kd6 {[%emt 0:01:24]} 46. Rb5 {[%emt 0:00:09]} Ke6 {[%emt 0:00:18]} 47. Rb6+ {[%emt 0:00:55]} Ke5 {[%emt 0:00:31]} 48. Rb8 {[%emt 0:06:52]} Rc7 {[%emt 0:00:48]} 49. Re8+ {[%emt 0:00:17]} Kd6 {[%emt 0:00:07]} 50. Rd8+ {[%emt 0:00:11]} Ke6 {[%emt 0:00:44]} 51. Re8+ {[%emt 0:01:39]} Kf7 {[%emt 0:00:08]} 52. Rd8 {[%emt 0:00:16]} Rc4+ {[%emt 0:00:37]} 53. Kg3 {[%emt 0:00:28]} Ke6 {[%emt 0:00:46]} 54. Re8+ {[%emt 0:00:35]} Kd7 {[%emt 0:00:06]} 55. Rf8 {[%emt 0:00:14]} Ke7 {[%emt 0:00:03]} 56. Rb8 {[%emt 0:01:18]} Rxa4 {[%emt 0:00:10]} 57. Rb5 {[%emt 0:00:30]} Kd6 {[%emt 0:00:27]} 58. Rb6+ {[%emt 0:00:19]} Ke5 {[%emt 0:00:04]} 59. Rb8 {[%emt 0:00:43]} Rc4 {[%emt 0:00:42]} 60. Re8+ {[%emt 0:00:23]} Kd6 {[%emt 0:00:28]} 61. Ra8 {[%emt 0:00:12]} a4 {[%emt 0:00:50]} 62. Kf2 {[%emt 0:00:12]} Ke5 {[%emt 0:00:24]} 63. Kg3 {[%emt 0:00:58]} Kf5 {[%emt 0:01:25]} 64. Ra5 {[%emt 0:00:12]} Ke5 {[%emt 0:00:21]} 65. Ra8 {[%emt 0:00:14]} Rxc3 {[%emt 0:00:49]} 66. Rxa4 {[%emt 0:00:04]} Rc4 {[%emt 0:00:03]} 67. Ra8 {[%emt 0:00:08]} Kd4 {[%emt 0:01:11]} 68. f4 {[%emt 0:01:09]} Ke3 {[%emt 0:00:50]} 69. Ra3+ {[%emt 0:00:23]} Ke4 {[%emt 0:00:04]} 70. fxg5 {[%emt 0:00:13]} fxg5 {[%emt 0:00:07]} 71. Ra8 {[%emt 0:00:07]} Kd3 {[%emt 0:00:36]} 72. Rg8 {[%emt 0:00:56]} g4 {[%emt 0:00:25]} 73. Rg5 {[%emt 0:00:21]} Rd4 {[%emt 0:00:41]} 74. Rf5 {[%emt 0:02:59]} Kc4 {[%emt 0:00:27]} 75. Rf8 {[%emt 0:00:21]} Re4 {[%emt 0:00:09]} 76. Rc8+ {[%emt 0:00:42]} Kd3 {[%emt 0:00:11]} 77. Ra8 {[%emt 0:00:15]} d4 {[%emt 0:00:20]} 78. Ra3+ {[%emt 0:00:08]} Ke2 {[%emt 0:00:08]} 79. Ra4 {[%emt 0:00:51]} Ke3 {[%emt 0:00:41]} 0-1